San Miguel (Registro nro. 26370)

Detalles MARC
000 -CABECERA
Longitud fija campo de control 00770nam a22001937a 4500
003 - IDENTIFICADOR DELl NÚMERO DE CONTROL
Identificador del número de control OSt
005 - FECHA Y HORA DE LA ÚLTIMA TRANSACCIÓN
Fecha y hora de la última transacción 20161026101736.0
008 - CÓDIGOS DE INFORMACIÓN DE LONGITUD FIJA
Códigos de información de longitud fija 131114b2004 slv spa
040 ## - FUENTE DE LA CATALOGACIÓN
Centro transcriptor CRI
Centro catalogador de origen BMC
082 ## - NÚMERO DE LA CLASIFICACIÓN DECIMAL DEWEY
Númeroo de clasificación 972.8412
082 ## - NÚMERO DE LA CLASIFICACIÓN DECIMAL DEWEY
Númeroo de clasificación 972.84
110 2# - PUNTO DE ACCESO PRINCIPAL-NOMBRE DE ENTIDAD CORPORATIVA
9 (RLIN) 9357
Nombre de entidad corporativa o nombre de jurisdicción como elemento inicial Instituto Geográfico Nacional Ingeniero Pablo Arnoldo Guzmán (El Salvador)
245 10 - MENCIÓN DE TÍTULO
Título San Miguel
Resto del título : monografía departamental y sus municipios
Mención de responsabilidad, etc. [investigación y edición, Centro Nacional de Registros, Instituto Geográfico Nacional]
260 ## - PUBLICACIÓN, DISTRIBUCIÓN, ETC. (PIE DE IMPRENTA)
Lugar de publicación, distribución, etc. San Salvador
Nombre del editor, distribuidor, etc. El Instituto : Centro Nacional de Registros
Fecha de publicación, distribución, etc. 2004
300 ## - DESCRIPCIÓN FÍSICA
Extensión 150 p.
Otras características físicas il. col. y n., mapas
Dimensiones 27 cm
651 #4 - PUNTO DE ACCESO ADICIONAL DE MATERIA - NOMBRE GEOGRÁFICO
9 (RLIN) 9298
Nombre geográfico El Salvador
Subdivisión de materia general Descripción
651 #0 - PUNTO DE ACCESO ADICIONAL DE MATERIA - NOMBRE GEOGRÁFICO
9 (RLIN) 9304
Nombre geográfico San Miguel (El Salvador)
Subdivisión de materia general Descripción
942 ## - ENTRADA DE ELEMENTOS AGREGADOS (KOHA)
Fuente de clasificaión o esquema Dewey Decimal Classification
Koha [por defecto] tipo de item 1- Monografias
Parte de clasificación prozim
Existencias
Suprimido Perdido Fuente de clasificación o esquema Estropeado Restricciones de uso No para préstamo Código de colección Localización permanente Localización actual Localización en estanter&íacute;as Fecha adquisición Fuente de adquisición Número de inventario Préstamos totales Signatura completa Código de barras Fecha última consulta Fecha del precio de reemplazo Tipo de item de Koha
NULL NULL Dewey Decimal Classification NULL Prestable NULL NULL Biblioteca Centro Regional de Ilobasco Biblioteca Centro Regional de Ilobasco Sala Principal 25/06/2013 UNICAES LI002525   972.8412 CEN mon 1039202 12/03/2018 26/10/2016 1- Monografias